<?xml version="1.0" encoding="UTF-8"?>
<record
    xmlns:xsi="http://www.w3.org/2001/XMLSchema-instance"
    xsi:schemaLocation="http://www.loc.gov/MARC21/slim http://www.loc.gov/standards/marcxml/schema/MARC21slim.xsd"
    xmlns="http://www.loc.gov/MARC21/slim">

  <leader>00886nam a2200241Ia 4500</leader>
  <controlfield tag="003">OSt</controlfield>
  <controlfield tag="005">20241115114724.0</controlfield>
  <controlfield tag="008">200812s9999    xx            000 0 und d</controlfield>
  <datafield tag="020" ind1=" " ind2=" ">
    <subfield code="a">9787100083249</subfield>
  </datafield>
  <datafield tag="040" ind1=" " ind2=" ">
    <subfield code="c">0</subfield>
  </datafield>
  <datafield tag="041" ind1=" " ind2=" ">
    <subfield code="a">chi</subfield>
  </datafield>
  <datafield tag="050" ind1=" " ind2=" ">
    <subfield code="a">CB251</subfield>
    <subfield code="b">.Z465 2011</subfield>
  </datafield>
  <datafield tag="100" ind1=" " ind2=" ">
    <subfield code="a">&#x5468;&#x5B81;</subfield>
  </datafield>
  <datafield tag="245" ind1=" " ind2=" ">
    <subfield code="a">&#x8DE8;&#x6587;&#x5316;&#x7814;&#x7A76;:</subfield>
    <subfield code="b">&#x4EE5;&#x4E2D;&#x56FD;&#x5F62;&#x8C61;&#x4E3A;&#x65B9;&#x6CD5; /</subfield>
    <subfield code="c">&#x5468;&#x5B81;</subfield>
  </datafield>
  <datafield tag="246" ind1=" " ind2=" ">
    <subfield code="a">&#x8DE8;&#x6587;&#x5316;&#x7814;&#x7A76; : &#x4EE5;&#x4E2D;&#x570B;&#x5F62;&#x8C61;&#x70BA;&#x65B9;&#x6CD5;</subfield>
  </datafield>
  <datafield tag="260" ind1=" " ind2=" ">
    <subfield code="a">&#x5317;&#x4EAC; : </subfield>
    <subfield code="b">&#x5546;&#x52D9;&#x5370;&#x66F8;&#x9928;,</subfield>
    <subfield code="c">2011</subfield>
  </datafield>
  <datafield tag="300" ind1=" " ind2=" ">
    <subfield code="a">3, 415 p.</subfield>
    <subfield code="b">;</subfield>
    <subfield code="c">23 cm.</subfield>
  </datafield>
  <datafield tag="505" ind1=" " ind2=" ">
    <subfield code="a">&#x672C;&#x4E66;&#x5173;&#x6CE8;&#x4E2D;&#x56FD;&#x5F62;&#x8C61;&#x7684;&#x8DE8;&#x6587;&#x5316;&#x4F20;&#x64AD;&#x4EE5;&#x53CA;&#x5176;&#x4E2D;&#x7684;&#x897F;&#x65B9;&#x6587;&#x5316;&#x9738;&#x6743;&#x95EE;&#x9898;,&#x5177;&#x4F53;&#x5185;&#x5BB9;&#x5305;&#x62EC;:&#x6258;&#x90A6;&#x6216;&#x610F;&#x8BC6;&#x5F62;&#x6001;:&#x897F;&#x65B9;&#x73B0;&#x4EE3;&#x6027;&#x60F3;&#x8C61;&#x4E2D;&#x7684;&#x4E2D;&#x56FD;&#x5F62;&#x8C61;;"&#x5728;&#x957F;&#x57CE;&#x7684;&#x90A3;&#x4E00;&#x8FB9;":&#x4FC4;&#x7F57;&#x65AF;&#x601D;&#x60F3;&#x4E2D;&#x7684;"&#x4E2D;&#x56FD;";"&#x6211;&#x4EEC;&#x9065;&#x8FDC;&#x7684;&#x8FD1;&#x90BB;":&#x5370;&#x5EA6;&#x7684;&#x4E2D;&#x56FD;&#x5F62;&#x8C61;&#x7B49;.</subfield>
  </datafield>
  <datafield tag="650" ind1=" " ind2=" ">
    <subfield code="a">Civilization.</subfield>
  </datafield>
  <datafield tag="650" ind1=" " ind2=" ">
    <subfield code="a">East and West.</subfield>
  </datafield>
  <datafield tag="650" ind1=" " ind2=" ">
    <subfield code="a">Modern.</subfield>
  </datafield>
  <datafield tag="942" ind1=" " ind2=" ">
    <subfield code="2">ddc</subfield>
    <subfield code="c">CB</subfield>
  </datafield>
  <datafield tag="952" ind1=" " ind2=" ">
    <subfield code="0">0</subfield>
    <subfield code="1">0</subfield>
    <subfield code="4">0</subfield>
    <subfield code="7">0</subfield>
    <subfield code="a">GETS</subfield>
    <subfield code="b">GETS</subfield>
    <subfield code="c">GEN</subfield>
    <subfield code="d">2020-08-12</subfield>
    <subfield code="l">0</subfield>
    <subfield code="o">CB251 .Z465 2011</subfield>
    <subfield code="p">00001032</subfield>
    <subfield code="r">2020-08-12 00:00:00</subfield>
    <subfield code="w">2020-08-12</subfield>
    <subfield code="y">CB</subfield>
  </datafield>
  <datafield tag="999" ind1=" " ind2=" ">
    <subfield code="c">2177</subfield>
    <subfield code="d">2177</subfield>
  </datafield>
</record>
